00721nam a2200193Ia 4500003000900000008004100009040001600050080001800066100002400084245011500108260003600223300001500259650003400274650004100308650003700349942000700386999001500393952011900408IN-BaIIA211028s9999 xx 000 0 eng d cIIA Library a(05)52bANN-2 aGoldberg, Leo91292 0aAnnual review of astronomy and astrophysicsbvol. 2cLeo Goldberg  aPalo AltobAnnual Reviewsc1964 avii, 462p. aAstronomy - Periodicals94087 aAstronomy and astrophysics thesaurus aAstrophysics - Periodicals94088 cBK c2316d2316 00104070aBANbBANcGENd0000-00-00g40.50l0o(05)52/ ANN-2p2595r2021-11-05v40.50w0000-00-00yBKGRs. 40.50